000 00467nam a2200181Ia 4500
001 4172
005 20260306145736.0
008 260306t1989||||xx |||||||||||||| ||spa||
041 _aESP
082 _a307.76
_bM95
100 _aMumford, Lewis
_eAUT
245 4 _aThe city in history:
_bits origins, its transformations, and its prospects
260 _c1989
300 _axi, 657 páginas :
_c20 cm.
650 _aGEN
654 _aCAU
942 _cLIB
_dJUS
_fJUS
_2ddc
_n
999 _c4172
_d4172